Les frères Scott - Statistiques

Statistiques générales
  • Ce quiz a été pris 1 143 fois
  • Le résultat moyen est 9 sur 15
Statistiques - réponses
Hint Réponse % Correct
Prénom du frère aîné Lucas
98%
Prénom de sa mère Karen
91%
Titre Vo de la série One Tree Hill
89%
Ville de l'action Tree Hill
82%
Qui épouse Nathan à deux reprises Haley
80%
Le métier de Lucas écrivain
74%
Prénom du fils de Haley & Nathan Jamie
69%
Quelle héroïne a des jumeaux ? Brooke Davis
61%
Nombre de saisons 9
59%
Combien d'années séparent les saisons 4 et 5 4
48%
Interprète de Peyton Hilarie Burton
48%
Nom de l'équipe de basket Les Ravens
42%
Qui joue le rôle de Julian Baker Austin Nichols
22%
Titrre de l'album sorti en 2006 Friends with Benefit
15%
Voix française de Lucas Scott Yoann Sover
12%
Aucun quiz correspondant
Distribution des résultats
% des personnes avec chaque résultat
Percentile par nombre de réponses
Votre historique - résultats
Vous n’avez pas pris ce quiz